| 000 | 00762nam a2200253Ia 4500 | ||
|---|---|---|---|
| 003 | OSt | ||
| 005 | 20220918213928.0 | ||
| 006 | a|||||r|||| 00| 0 | ||
| 007 | ta | ||
| 008 | 220917b |||||||| |||| 00| 0 eng d | ||
| 024 | _a135,042 | ||
| 037 | _cTextual | ||
| 040 |
_aARTS _cARTS _beng |
||
| 041 |
_2eng _aeng |
||
| 082 | _aX7.6311.N45, M1 | ||
| 100 |
_aMcclelland Peter D _9129087 |
||
| 245 | 0 |
_aCrisis in the making _b the political economy of New York Since 1945 |
|
| 260 |
_acambridge _bCUP _c1981 |
||
| 490 | _aStudies in econiomic history and policy | ||
| 650 | _aECONOMICS | ||
| 700 |
_a Magdovitz Alan L _9129088 |
||
| 942 |
_hX7.6311.N45, M1 _cTEXL _2CC |
||
| 999 |
_c258142 _d258142 |
||